000 00389nam a22001337a 4500
082 _a650
_bOSW/C
100 _aOSWAAL
245 _aCBSE QUESTION PAPERS - BUSINESS STUDIES - 12TH
246 _aCBSE QUESTION PAPERS - BUSINESS STUDIES - 12TH
_bCBSE QUESTION PAPERS - BUSINESS STUDIES - 12TH
260 _aNEW DELHI
_bOSWAAL
_c2024
300 _a303
650 _aBUSINESS STUDIES
942 _cBK
999 _c8946
_d8946